00936nai a2200217Ia 4500003000900000008004100009022002200050022002300072040001600095245005100111260008600162310001400248362002600262521006900288650004700357650004400404856008800448942000700536999001700543952015800560IN-BaIIA211028c9999 xx s 000 0 eng d a0885-8950 (Print) a1558-0679 (Online) cIIA Library 0aIEEE Transactions on Power Systemsh[eJournal] aNew York, USAbThe Institute of Electrical and Electronics Engineers, Inc. (IEEE) aQuarterly a1(1); 1986 - Present  bSubscribed through National Knowledge Resource Consortium (NKRC) a Components, Circuits, Devices and Systems aPower, Energy and Industry Applications uhttps://ieeexplore.ieee.org/servlet/opac?punumber=59yClick Here to Access eJournal cEJ c34722d34722 00104070aBANbBANd2009-01-01eNKRCh1(1); 1986 - Present l0pEJ806r2021-11-05uhttps://ieeexplore.ieee.org/servlet/opac?punumber=59w2021-11-05yEJ